000 00572nam a22001937a 4500
003 NUST
005 20230404110106.0
008 190717b ||||| |||| 00| 0 eng d
020 _qHardcover.
038 _aMr. Zahoor
082 _a658
100 _aAwan, Zoya Mohsin
_917842
245 _aImpact of Celebrity Endorsement on Consumer Attitude and Purchase intent
_c Zoya Mohsin Awan
260 _aIslamabad :
_bNBS - NUST,
_c2015.
300 _a75 p. : ill. ;
_c30cm.
650 _aHRM - EMBA Thesis
_917843
700 _aSir Bilal Chohan
_917783
942 _2ddc
_cTHE
999 _c526849
_d526849